Catalogue of reproductions of paintings 1860 to 1979 with seventeen projects for exhibitions (Record no. 911116)

MARC details
000 -LEADER
fixed length control field 00782nam a2200253Ia 4500
003 - CONTROL NUMBER IDENTIFIER
control field OSt
005 - DATE AND TIME OF LATEST TRANSACTION
control field 20221002044803.0
008 - FIXED-LENGTH DATA ELEMENTS--GENERAL INFORMATION
fixed length control field 220930b |||||||| |||| 00| 0 eng d
020 ## - INTERNATIONAL STANDARD BOOK NUMBER
International Standard Book Number 9230019240
037 ## - SOURCE OF ACQUISITION
Terms of availability Reference Collections
040 ## - CATALOGING SOURCE
Original cataloging agency CRL
Transcribing agency CRL
Language of cataloging eng
041 ## - LANGUAGE CODE
Source of code eng
Language code of text/sound track or separate title eng
111 ## - MAIN ENTRY--MEETING NAME
Meeting name or jurisdiction name as entry element UNITED NATIONS EDUCATIONAL, SCIENTIFIC AND CULTURAL ORGANIZATION
9 (RLIN) 348832
245 #0 - TITLE STATEMENT
Title Catalogue of reproductions of paintings 1860 to 1979 with seventeen projects for exhibitions
260 ## - PUBLICATION, DISTRIBUTION, ETC.
Place of publication, distribution, etc. Paris
Name of publisher, distributor, etc. UNESCO France
Date of publication, distribution, etc. 1981
300 ## - PHYSICAL DESCRIPTION
Extent 275p.
Dimensions cm.
650 ## - SUBJECT ADDED ENTRY--TOPICAL TERM
Topical term or geographic name entry element PAINTING
9 (RLIN) 34359
942 ## - ADDED ENTRY ELEMENTS (KOHA)
Classification part NQ1,M6a, M1(RR)
Koha item type
Source of classification or shelving scheme Colon Classification (CC)
Holdings
Withdrawn status Lost status Damaged status Not for loan Home library Current library Date acquired Total Checkouts Full call number Barcode Date last seen Price effective from Koha item type
        Central Library Central Library 2022-10-02   NQ1,M6a M1(RR) CL1002110 2022-10-02 2022-10-02  
Copyright @ Delhi University Library System